| 000 | 00438nam a2200157 i 4500 | ||
|---|---|---|---|
| 001 | 92307 | ||
| 003 | ES-MaACL | ||
| 005 | 20230906180936.0 | ||
| 007 | t| | ||
| 008 | 050224s1908 fr ||||1| fre d | ||
| 100 | 1 |
_aLichtenberger, Henri. _972188 |
|
| 245 | 1 | 2 |
_aL'Allemagne moderne _b: son évolution / _cHenri Lichtenberger. |
| 260 |
_aParis : _b[Hemmerlé et Cie.], _c1908. |
||
| 300 |
_a399 p. ; _c19 cm. |
||
| 852 |
_aES-MaACL _jF-6163 |
||
| 999 |
_c92307 _d92307 |
||